000 00824nam a22002177a 4500
003 OSt
005 20230112144535.0
008 230112b |||||||| |||| 00| 0 eng d
040 _cBiblioteca Lado V
082 _a708
_bA681a
100 _9236
_aArestizabal, Irma
_ecuradora
245 _aArchipiélago de Imágenes/
260 _aArgentina
_aChile
_aColombia
_aCosta Rica
_bEcuador
_bEl Salvador
_bPanama
_bPeru
_bRepublica Dominicana
_c2003
300 _a100p.
_c24x29cm
650 _2Tesauro de Arte & Arquitectura
_aCATALOGO
650 _2Tesauro de Arte & Arquitectura
_aARTE
650 _2Tesauro de Arte & Arquitectura
_aPINTURA
650 _2Tesauro de Arte & Arquitectura
_aFOTOGRAFIA
650 _2Tesauro de Arte & Arquitectura
_aDIBUJO
942 _2ddc
_c1
_h700.74
_iA681a
_n0
_eedición en ingles
999 _c2759
_d2759